[Event "WchT Rapid"]
[Site "London"]
[Date "2025.06.12"]
[Round "8.4"]
[White "Blokhin, Sofia"]
[Black "O'Donnell, Conor"]
[Result "1-0"]
[WhiteElo "2099"]
[BlackElo "2195"]
[PlyCount "123"]
[EventDate "2025.06.11"]
[EventType "team-swiss"]
[EventRounds "12"]
[EventCountry "ENG"]
[SourceTitle "CB25_2025"]
[SourceDate "2025.06.18"]
[SourceVersion "1"]
[SourceVersionDate "2025.06.18"]
[SourceQuality "1"]
[WhiteTeam "OlalaStars"]
[BlackTeam "Wood Green Youth"]
[WhiteTeamCountry "EST"]
[BlackTeamCountry "ENG"]

1. d4 d5 2. c4 e6 3. Nc3 Nf6 4. Nf3 c5 5. e3 cxd4 6. exd4 Bb4 7. a3 Bxc3+ 8. bxc3 0-0 9. Bd3 dxc4 10. Bxc4 Qc7 11. Qd3 b6 12. 0-0 Nbd7 13. Bg5 Bb7 14. Nd2 Rac8 15. Rac1 h6 16. Bh4 Nh5 17. Bg3 Qc6 18. f3 Nxg3 19. hxg3 Rfd8 20. Ba2 Qd6 21. Bb1 Qxg3 22. Ne4 Bxe4 23. fxe4 Qxd3 24. Bxd3 Rc7 25. Rf3 e5 26. d5 Nc5 27. Bc2 Nb7 28. Bd3 Nc5 29. Bc2 Kf8 30. c4 Nb7 31. Bd3 f6 32. Rf2 Rdc8 33. Rb2 Rc5 34. Rb4 Nd6 35. a4 Ke7 36. Kf2 Nb7 37. Ke3 R5c7 38. Be2 Na5 39. Kd3 Kd6 40. Bg4 Rf8 41. Be6 Nb7 42. Ke3 g6 43. Rh1 Rh8 44. Bg4 h5 45. Be2 h4 46. Rbb1 Na5 47. Rb4 f5 48. exf5 gxf5 49. g3 h3 50. Rh2 Rg7 51. Kf3 Rg4 52. Bf1 Rd4 53. Ke3 Kc5 54. Rb5+ Kd6 55. c5+ Kc7 56. d6+ Kd8 57. Bxh3 Rg8 58. Bxf5 Rxg3+ 59. Ke2 Rg8 60. cxb6 axb6 61. Rxb6 Rc4 62. Rb8+ 1-0

[Event "BCF-chT 2425 (4NCL)"]
[Site "England"]
[Date "2025.01.25"]
[Round "3.45"]
[White "O'Donnell, Conor"]
[Black "Maycock Bates, David Henry"]
[Result "1-0"]
[WhiteElo "2284"]
[BlackElo "2286"]
[PlyCount "111"]
[EventDate "2024.11.23"]
[EventType "team-swiss"]
[EventRounds "11"]
[EventCountry "ENG"]
[SourceTitle "CB14_2025"]
[SourceDate "2024.11.01"]
[SourceVersion "1"]
[SourceVersionDate "2024.11.01"]
[SourceQuality "1"]
[WhiteTeam "Wood Green Youth"]
[BlackTeam "CSC/Kingston"]
[WhiteTeamCountry "ENG"]
[BlackTeamCountry "ENG"]

1. Nf3 d5 2. c4 e6 3. g3 Nf6 4. Bg2 d4 5. e3 c5 6. exd4 cxd4 7. 0-0 Nc6 8. d3 Be7 9. Na3 e5 10. Re1 Nd7 11. Nc2 a5 12. b3 0-0 13. Rb1 f6 14. Nh4 f5 15. Bd5+ Kh8 16. Ng2 Nb4 17. Nxb4 Bxb4 18. Bd2 f4 19. Rb2 Bd6 20. Bc1 Nf6 21. Bf3 fxg3 22. hxg3 Qc7 23. Rc2 Bb4 24. Bd2 Bc5 25. Qe2 e4 26. dxe4 d3 27. Qxd3 Bxf2+ 28. Kxf2 Ng4+ 29. Ke2 Ne5 30. Qd5 Rxf3 31. Ne3 Rf8 32. Bc3 Ng4 33. Rf1 Rxf1 34. Nxf1 Bd7 35. Qg5 Be6 36. Rd2 Rf8 37. Ne3 Nxe3 38. Kxe3 Qf7 39. Kd3 Qf3+ 40. Kc2 Qxe4+ 41. Kb2 Qg6 42. Qxg6 hxg6 43. Bxa5 Rf3 44. Rd8+ Kh7 45. Rb8 Rf7 46. Bd2 g5 47. Bxg5 Kg6 48. Bf4 Kf5 49. Kc3 Kg4 50. Kd4 Bf5 51. Bd6 Rd7 52. c5 g6 53. b4 Bc2 54. b5 Bd1 55. Rf8 Rh7 56. c6 1-0

[Event "London Classic op 14th"]
[Site "London"]
[Date "2024.11.29"]
[Round "1"]
[White "Murawski, Jan"]
[Black "O'Donnell, Conor"]
[Result "0-1"]
[WhiteElo "2065"]
[BlackElo "2293"]
[PlyCount "74"]
[EventDate "2024.11.29"]
[EventType "swiss"]
[EventRounds "9"]
[EventCountry "ENG"]
[SourceTitle "CB50_2024"]
[SourceDate "2024.11.01"]
[SourceVersion "1"]
[SourceVersionDate "2024.11.01"]
[SourceQuality "2"]

1. d4 Nf6 2. c4 e6 3. Nc3 Bb4 4. e3 c5 5. Nge2 cxd4 6. exd4 0-0 7. a3 Be7 8. d5 exd5 9. cxd5 Re8 10. d6 Bf8 11. g3 Qb6 12. Bg2 Bxd6 13. 0-0 Bf8 14. Be3 Qd8 15. Qb3 Nc6 16. Rfd1 d6 17. Nd4 Na5 18. Qb5 Bg4 19. Rd2 Bd7 20. Qf1 Rc8 21. Re2 Bg4 22. Ree1 Qd7 23. Bg5 Be7 24. h3 Be6 25. Nxe6 fxe6 26. h4 h6 27. Bh3 Bd8 28. Bf4 Nc4 29. Rad1 d5 30. Qe2 Rc6 31. Nb5 Bb6 32. Nd4 Bxd4 33. Rxd4 Qf7 34. Be5 Ne4 35. Bf4 e5 36. Rxe4 dxe4 37. Qxe4 Nd6 0-1

[Event "BCF-chT 2324 (4NCL)"]
[Site "England"]
[Date "2024.05.05"]
[Round "10.3"]
[White "Kirk, Ezra"]
[Black "O'Donnell, Conor"]
[Result "1-0"]
[WhiteElo "2411"]
[BlackElo "2291"]
[PlyCount "81"]
[EventDate "2023.11.11"]
[EventType "team-tourn"]
[EventRounds "11"]
[EventCountry "ENG"]
[SourceTitle "EXT 2025"]
[Source "ChessBase"]
[SourceDate "2024.10.14"]
[SourceVersion "1"]
[SourceVersionDate "2024.10.14"]
[SourceQuality "1"]
[WhiteTeam "Cheddleton"]
[BlackTeam "Wood Green Youth"]
[WhiteTeamCountry "ENG"]
[BlackTeamCountry "ENG"]

1. d4 d5 2. c4 dxc4 3. e3 Nf6 4. Nf3 e6 5. Bxc4 a6 6. 0-0 c5 7. Bb3 b5 8. Qe2 Bb7 9. a4 Nbd7 10. Nbd2 Qb6 11. axb5 axb5 12. Rxa8+ Bxa8 13. Bc2 Be7 14. dxc5 Bxc5 15. e4 e5 16. Nb3 0-0 17. Nxc5 Qxc5 18. Bd3 Rc8 19. Bd2 Qe7 20. Rd1 Nf8 21. Bxb5 Nxe4 22. Be1 Ng6 23. Rd7 Qf6 24. Bc4 Nd6 25. Ba2 Bc6 26. Ra7 e4 27. Nd2 Qxb2 28. Qe3 Ne5 29. Nf1 Nd3 30. Qg3 Rd8 31. Rc7 Qb6 32. Bc3 g6 33. Re7 Qc5 34. Bf6 Ra8 35. Bb3 Ra3 36. Bxf7+ Kf8 37. Be6 Nc1 38. Qh4 Ne2+ 39. Kh1 Nf5 40. Bg7+ Nxg7 41. Qf6# 1-0

[Event "NED-chT 2324"]
[Site "Netherlands"]
[Date "2024.04.20"]
[Round "9.1"]
[White "O'Donnell, Conor"]
[Black "Warmerdam, Max"]
[Result "0-1"]
[WhiteElo "2293"]
[BlackElo "2633"]
[PlyCount "66"]
[EventDate "2023.09.16"]
[EventType "team-tourn"]
[EventRounds "9"]
[EventCountry "NED"]
[SourceTitle "EXT 2025"]
[Source "ChessBase"]
[SourceDate "2024.10.14"]
[SourceVersion "1"]
[SourceVersionDate "2024.10.14"]
[SourceQuality "1"]
[WhiteTeam "Amstelveen Zukertort"]
[BlackTeam "Apeldoorn"]
[WhiteTeamCountry "NED"]
[BlackTeamCountry "NED"]

1. d4 d5 2. c4 e6 3. Nc3 Nf6 4. cxd5 exd5 5. Bg5 c6 6. e3 h6 7. Bh4 Be7 8. Bd3 0-0 9. Bg3 Re8 10. h3 Bf8 11. Nf3 Ne4 12. Bxe4 dxe4 13. Nd2 Bf5 14. 0-0 Nd7 15. a3 Nf6 16. b4 a5 17. Qb3 Nh5 18. Bh2 Qh4 19. Ne2 b5 20. d5 Rad8 21. Nc3 Bd6 22. Bxd6 Rxd6 23. f4 Bxh3 24. Ndxe4 Rg6 25. Ra2 Bf5 26. dxc6 Rxe4 27. Nxe4 Bxe4 28. c7 Rc6 29. Qd1 Rxc7 30. Qd6 Ng3 31. Qxc7 Qh1+ 32. Kf2 Qxg2+ 33. Ke1 Qxf1+ 0-1

[Event "Dublin Gonzaga Masters"]
[Site "Dublin"]
[Date "2024.01.28"]
[Round "5"]
[White "O'Cuilleanain, Oisin"]
[Black "O'Donnell, Conor"]
[Result "1/2-1/2"]
[WhiteElo "2101"]
[BlackElo "2274"]
[PlyCount "63"]
[EventDate "2024.01.26"]
[EventType "swiss"]
[EventRounds "5"]
[EventCountry "IRL"]
[SourceTitle "CBM 218 Extra"]
[Source "ChessBase"]
[SourceDate "2024.03.31"]
[SourceVersion "1"]
[SourceVersionDate "2024.03.31"]
[SourceQuality "1"]

1. e4 c6 2. Nf3 d5 3. Nc3 Bg4 4. h3 Bxf3 5. Qxf3 e6 6. d4 Nf6 7. exd5 cxd5 8. Bd3 Nc6 9. Ne2 g6 10. c3 Bg7 11. 0-0 0-0 12. Ng3 e5 13. dxe5 Nxe5 14. Qd1 Qb6 15. Be2 Ne4 16. Nxe4 dxe4 17. Qb3 Qc6 18. Be3 Kh8 19. Rad1 f5 20. Qd5 Qc7 21. Bc5 Rfd8 22. Bd6 Qb6 23. Qc5 Nd3 24. Qxb6 axb6 25. Bxd3 Rxd6 26. Bc2 Rad8 27. Rxd6 Rxd6 28. Rd1 Rxd1+ 29. Bxd1 b5 30. Kf1 b4 31. cxb4 Bxb2 32. Ke2 1/2-1/2

[Event "BCF-chT 2324 (4NCL)"]
[Site "England"]
[Date "2023.11.12"]
[Round "2.4"]
[White "O'Donnell, Conor"]
[Black "Swanson, Stephen"]
[Result "1-0"]
[WhiteElo "2285"]
[BlackElo "2179"]
[PlyCount "95"]
[EventDate "2023.11.11"]
[EventType "team-tourn"]
[EventRounds "11"]
[EventCountry "ENG"]
[SourceTitle "CBM 217 Extra"]
[Source "ChessBase"]
[SourceDate "2024.01.31"]
[SourceVersion "1"]
[SourceVersionDate "2024.01.31"]
[SourceQuality "1"]
[WhiteTeam "Wood Green Youth"]
[BlackTeam "Alba"]
[WhiteTeamCountry "ENG"]
[BlackTeamCountry "ENG"]

1. d4 d6 2. Nf3 g6 3. c4 Bg7 4. Nc3 Nc6 5. d5 Ne5 6. Nxe5 Bxe5 7. e4 Nf6 8. Qc2 c6 9. Bd3 0-0 10. Ne2 cxd5 11. exd5 Qb6 12. f4 Bd4 13. Nxd4 Qxd4 14. Qe2 Bf5 15. Bxf5 gxf5 16. Be3 Qe4 17. 0-0 e6 18. dxe6 Rfe8 19. exf7+ Kxf7 20. Rae1 Re6 21. Qd2 Rae8 22. b3 a6 23. Bf2 Qc6 24. Rxe6 Rxe6 25. Bh4 Ne4 26. Qd5 Qc5+ 27. Qxc5 Nxc5 28. Rd1 Ne4 29. Rd5 Nc3 30. Rxf5+ Kg6 31. Rg5+ Kf7 32. Rf5+ Kg6 33. Rg5+ Kf7 34. Kf1 Ne4 35. Rf5+ Kg6 36. Rd5 Kf7 37. Be1 Re8 38. Bb4 Ke6 39. g4 b6 40. Rd4 Kd7 41. Kg2 a5 42. Ba3 a4 43. Kf3 Nc5 44. Bxc5 bxc5 45. Re4 Ra8 46. g5 axb3 47. axb3 Ra1 48. f5 1-0

[Event "IRL-ch 102nd"]
[Site "Dublin"]
[Date "2023.08.06"]
[Round "2"]
[White "O'Donnell, Conor"]
[Black "Kennedy, John"]
[Result "1-0"]
[WhiteElo "2291"]
[BlackElo "2076"]
[PlyCount "116"]
[EventDate "2023.08.05"]
[EventType "swiss"]
[EventRounds "9"]
[EventCountry "IRL"]
[SourceTitle "CBM 215 Extra"]
[Source "ChessBase"]
[SourceDate "2023.09.30"]
[SourceVersion "1"]
[SourceVersionDate "2023.09.30"]
[SourceQuality "1"]

1. d4 d5 2. c4 e6 3. Nf3 c5 4. cxd5 exd5 5. Nc3 Nc6 6. Bg5 Be7 7. Bxe7 Ngxe7 8. dxc5 Qa5 9. Qa4 Qxc5 10. e3 0-0 11. Bb5 Be6 12. 0-0 a6 13. Bxc6 Nxc6 14. Rac1 Qe7 15. Rfd1 Rfd8 16. Ne2 b5 17. Qf4 Rac8 18. Ne5 Qd6 19. Nxc6 Rxc6 20. Rxc6 Qxc6 21. Rc1 Qd6 22. Qxd6 Rxd6 23. Nd4 Rd8 24. Rc7 h6 25. Kf1 Bg4 26. Nc6 Rd6 27. f3 Be6 28. Nd4 Kf8 29. Ke2 Ke8 30. Kd3 Bd7 31. Ra7 h5 32. Ra8+ Ke7 33. g3 Rb6 34. b4 Bh3 35. Ke2 Be6 36. a3 g6 37. Kd3 Bd7 38. Ra7 f6 39. Nb3 Kd6 40. Kd4 g5 41. Nc5 Bh3 42. Rf7 f5 43. Rf6+ Kc7 44. Nxa6+ Kb7 45. Nc5+ Ka7 46. Rxb6 Kxb6 47. Kxd5 Bg2 48. Ke5 Bxf3 49. Kxf5 g4 50. e4 Kc6 51. Kf6 Bg2 52. e5 Bf3 53. e6 Kd6 54. e7 Bc6 55. Kf7 Kd5 56. e8Q Bxe8+ 57. Kxe8 Kd4 58. Kf7 Kd5 1-0

[Event "BCF-chT 2223 (4NCL)"]
[Site "England"]
[Date "2023.01.14"]
[Round "3.2"]
[White "Csonka, Balazs"]
[Black "O'Donnell, Conor"]
[Result "1/2-1/2"]
[WhiteElo "2495"]
[BlackElo "2295"]
[PlyCount "47"]
[EventDate "2022.10.22"]
[EventType "team-swiss"]
[EventRounds "11"]
[EventCountry "ENG"]
[SourceTitle "CBM 213 Extra"]
[Source "ChessBase"]
[SourceDate "2023.05.31"]
[SourceVersion "1"]
[SourceVersionDate "2023.05.31"]
[SourceQuality "1"]
[WhiteTeam "Chess.com Manx Liberty"]
[BlackTeam "Wood Green Youth"]
[WhiteTeamCountry "ENG"]
[BlackTeamCountry "ENG"]

1. e4 c6 2. d4 d5 3. e5 Bf5 4. h4 h5 5. Bd3 Bxd3 6. Qxd3 Qa5+ 7. Nd2 e6 8. Ngf3 Nh6 9. 0-0 Nf5 10. Nb3 Qa6 11. Qd1 b6 12. Bg5 c5 13. dxc5 Bxc5 14. Re1 Nc6 15. Nxc5 bxc5 16. c3 Rb8 17. b3 Qb6 18. Nd2 Rb7 19. Qf3 a5 20. Rad1 Rd7 21. Qf4 Qc7 22. Nf3 Qb7 23. Rd2 d4 24. Qe4 1/2-1/2

[Event "Dublin Irish New Year GM"]
[Site "Dublin"]
[Date "2023.01.05"]
[Round "2"]
[White "O'Donnell, Conor"]
[Black "Haubro, Martin"]
[Result "1-0"]
[WhiteElo "2323"]
[BlackElo "2395"]
[PlyCount "61"]
[EventDate "2023.01.04"]
[EventType "tourn"]
[EventRounds "9"]
[EventCountry "IRL"]
[EventCategory "6"]
[SourceTitle "CBM 212 Extra"]
[Source "ChessBase"]
[SourceDate "2023.03.31"]
[SourceVersion "1"]
[SourceVersionDate "2023.03.31"]
[SourceQuality "1"]

1. d4 Nf6 2. c4 e6 3. Nc3 Bb4 4. Qc2 0-0 5. a3 Bxc3+ 6. Qxc3 d5 7. Nf3 dxc4 8. Qxc4 b6 9. Bg5 Ba6 10. Qa4 h6 11. Bh4 c5 12. dxc5 bxc5 13. Rd1 Qb6 14. Bxf6 gxf6 15. e3 Bxf1 16. Kxf1 Nc6 17. Rb1 Rfd8 18. Ke2 Na5 19. Rhd1 Rxd1 20. Rxd1 Qxb2+ 21. Nd2 Qc3 22. Ne4 Qc4+ 23. Qxc4 Nxc4 24. Rc1 Nxa3 25. Rc3 f5 26. Nf6+ Kg7 27. Nh5+ Kf8 28. Rxa3 a5 29. Nf4 Ke7 30. Kd3 Kd6 31. Kc4 1-0

[Event "Basel Christmas op"]
[Site "Basel"]
[Date "2022.12.28"]
[Round "5"]
[White "O'Donnell, Conor"]
[Black "Weishaeutel, Moritz"]
[Result "0-1"]
[WhiteElo "2318"]
[BlackElo "2417"]
[PlyCount "46"]
[EventDate "2022.12.26"]
[EventType "swiss"]
[EventRounds "9"]
[EventCountry "SUI"]
[SourceTitle "EXT 2024"]
[Source "ChessBase"]
[SourceDate "2023.10.10"]
[SourceVersion "1"]
[SourceVersionDate "2023.10.10"]
[SourceQuality "1"]

1. d4 d5 2. c4 e6 3. Nc3 c6 4. e4 dxe4 5. Nxe4 Bb4+ 6. Bd2 Qxd4 7. Bxb4 Qxe4+ 8. Be2 Na6 9. Bd6 e5 10. Qd2 f6 11. Nf3 Be6 12. 0-0 Bxc4 13. Bxc4 Qxc4 14. Rfd1 Qe6 15. Nxe5 fxe5 16. Bxe5 Ne7 17. Re1 Rd8 18. Bd4 Qf7 19. Rxe7+ Kxe7 20. Qg5+ Kd7 21. Qg4+ Qe6 22. Qxg7+ Kc8 23. Bxa7 Qd7 0-1

[Event "IRL-ch 101st"]
[Site "Dublin"]
[Date "2022.07.02"]
[Round "1"]
[White "Cafolla, Peter"]
[Black "O'Donnell, Conor"]
[Result "0-1"]
[WhiteElo "1937"]
[BlackElo "2269"]
[PlyCount "61"]
[EventDate "2022.07.02"]
[EventType "swiss"]
[EventRounds "9"]
[EventCountry "IRL"]
[SourceTitle "CBM 209 Extra"]
[Source "ChessBase"]
[SourceDate "2022.09.30"]
[SourceVersion "1"]
[SourceVersionDate "2022.09.30"]
[SourceQuality "1"]

1. e4 e6 2. d4 d5 3. e5 c5 4. c3 Nc6 5. Nf3 Bd7 6. a3 f6 7. b4 fxe5 8. dxc5 Qc7 9. Nbd2 Nf6 10. Be2 g6 11. Bb2 Bg7 12. c4 e4 13. cxd5 exd5 14. Nd4 0-0 15. N2b3 Ne5 16. h3 e3 17. Nf3 exf2+ 18. Kf1 Nxf3 19. Bxf3 Rae8 20. Qd3 Bf5 21. Qd2 Qg3 22. Nd4 Re1+ 23. Rxe1 fxe1Q+ 24. Qxe1 Bd3+ 25. Ne2 Ne4 26. Bxg7 Kxg7 27. Qa1+ Kg8 28. Qe1 g5 29. a4 h5 30. Qxg3 Nxg3+ 31. Kg1 0-1